| 000 | 01011nam a22002177a 4500 | ||
|---|---|---|---|
| 999 |
_c15526 _d15526 |
||
| 003 | AR-CdUCM | ||
| 008 | 190228b ||||| |||| 00| 0 spa d | ||
| 040 |
_aMUNICIPALIDAD PROVINCIAL DEL CUSCO _cBIBLIOTECA MUNICIPAL DEL CUSCO |
||
| 082 |
_aC / 985.61 / _bAZ97 _22ed. |
||
| 100 |
_aAzevedo, Paulo Ormindo David de _96889 |
||
| 245 | _aCusco: continuidad y cambio / | ||
| 260 |
_aCusco : _bMunicipalidad del Cusco, _c2009. |
||
| 300 |
_a233 páginas ; _bIlustraciones, mapas, gráficos, _c23 cm. |
||
| 505 | _aContenido: Funciones socieconómicas a través del tiempo -- La capital incaica -- La ciudad colonial -- El Cusco republicano -- La ciudad actual -- Deterioro y renovación -- Perspectivas de desarrollo y preservación --La idealización del Cusco -- Continuidad y cambio ... | ||
| 650 |
_aCusco centro histórico _96890 |
||
| 650 |
_aMonumentos históricos _96891 |
||
| 650 |
_aCusco - Perú _94115 |
||
| 710 |
_aMunicipalidad del Cusco _9876 |
||
| 942 |
_2ddc _cLIBROS |
||
| 945 |
_aacv _d2019-04-29 |
||